Normal view
MARC view
Entry Topical Term
001 - CONTROL NUMBER
- control field: 22652
003 - CONTROL NUMBER IDENTIFIER
- control field: ARRUPE
005 - DATE AND TIME OF LATEST TRANSACTION
- control field: 20160301152113.0
008 - FIXED-LENGTH DATA ELEMENTS
- fixed length control field: 160301|| aca||aabn | a|a d
040 ## - CATALOGING SOURCE
- Original cataloging agency: ARRUPE
- Transcribing agency: ARRUPE
150 ## - HEADING--TOPICAL TERM
- Topical term or geographic name as entry element: Violence
- General subdivision: Religious aspects
- Geographic subdivision: Catholic church
670 ## - SOURCE DATA FOUND
- Source citation: Work cat.: (ARRUPE): United States catholic conference 22651, Confronting a culture of violence, 1994